000 00343nam a2200133Ia 4500
005 20260326235443.0
008 260326s9999||||xx |||||||||||||| ||und||
100 _aHoronjeff, Robert
245 0 _aPlanning and Design of airports /
_cRobert Horonjeff
260 _bMcGraw Hill
300 _a464 p.
650 _aARQUITECTURA CIVIL
942 _cBK
999 _c7472
_d7472